ბათუმის შოთა რუსთაველის სახელმწიფო უნივერსიტეტის ბიბლიოთეკა

Курс теоретической механики (ბიბ.ჩანაწერი № 48229)

000 -LEADER
fixed length control field 00631nam a2200229Ia 4500
001 - CONTROL NUMBER
control field 15113
003 - CONTROL NUMBER IDENTIFIER
control field GE_BSU
008 - FIXED-LENGTH DATA ELEMENTS--GENERAL INFORMATION
fixed length control field 181216s||||||||xx |||||||||||||| ||und||
040 ## - CATALOGING SOURCE
Transcribing agency GE_BSU
080 ## - UNIVERSAL DECIMAL CLASSIFICATION NUMBER
Universal Decimal Classification number 531.(075.8)
100 ## - MAIN ENTRY--PERSONAL NAME
Personal name Воронков,И,М
245 ## - TITLE STATEMENT
Title Курс теоретической механики
245 ## - TITLE STATEMENT
Remainder of title Учеб. для вузов
245 ## - TITLE STATEMENT
Statement of responsibility, etc. Ред:Д,В, Жарков
250 ## - EDITION STATEMENT
Edition statement изд. 4-е
260 ## - PUBLICATION, DISTRIBUTION, ETC.
Place of publication, distribution, etc. Москва
260 ## - PUBLICATION, DISTRIBUTION, ETC.
Name of publisher, distributor, etc. Гостехиздат
260 ## - PUBLICATION, DISTRIBUTION, ETC.
Date of publication, distribution, etc. 1953
300 ## - PHYSICAL DESCRIPTION
Extent 552стр, 22см
653 ## - INDEX TERM--UNCONTROLLED
Uncontrolled term Курс теоретической механики
942 ## - ADDED ENTRY ELEMENTS (KOHA)
Koha item type წიგნი
ეგზემპლარები
Withdrawn status Lost status Damaged status Not for loan Date acquired Barcode Date last seen Price effective from Koha item type
        2018-12-17 18087 2018-12-17 2018-12-17 წიგნი